[Event "Deutscher Jugend Online Cup 2020"]
[Site "Tornelo"]
[Date "2020.11.14"]
[Round "2.2"]
[White "Richter, Johanna"]
[Black "Kutz, Ida"]
[Result "1/2-1/2"]
[WhiteElo "1178"]
[BlackElo "1269"]
[Annotator "NA RC"]
[PlyCount "144"]
[EventDate "2020.11.13"]
[EventType "k.o."]
[SourceTitle "playchess.com"]
[Source "ChessBase"]
[SourceQuality "1"]
[TimeControl "600+3"]

1. d4 {[%emt 0:00:00]} Nf6 {[%emt 0:00:07]} 2. c4 {[%emt 0:00:05]} g6 {[%emt 0:00:01]} 3. Nc3 {[%emt 0:00:03]} Bg7 {[%emt 0:00:03]} 4. Nf3 {[%emt 0:00:04]} O-O {[%emt 0:00:03]} 5. g3 {[%emt 0:00:03]} d5 {[%emt 0:00:17]} 6. cxd5 {[%emt 0:00:06]} Nxd5 {[%emt 0:00:03]} 7. Bg2 {[%emt 0:00:04]} Nc6 {[%emt 0:00:27]} 8. e3 {[%emt 0:00:10]} Bf5 {[%emt 0:00:17]} 9. O-O {[%emt 0:00:26]} Nxc3 {[%emt 0:00:12]} 10. bxc3 {[%emt 0:00:05]} e5 {[%emt 0:00:18]} 11. Nh4 {[%emt 0:00:43]} exd4 {[%emt 0:00:32]} 12. Nxf5 {[%emt 0:00:12]} gxf5 {[%emt 0:00:14]} 13. exd4 {[%emt 0:00:17]} Qd6 {[%emt 0:00:15]} 14. Qb3 {[%emt 0:00:09]} Na5 {[%emt 0:00:14]} 15. Qa4 {[%emt 0:00:10]} Nc6 {[%emt 0:00:57]} 16. Ba3 {[%emt 0:00:08]} Qd7 {[%emt 0:00:11]} 17. Bxf8 {[%emt 0:00:08]} Rxf8 {[%emt 0:00:02]} 18. Qb5 {[%emt 0:00:20]} Rb8 {[%emt 0:00:07]} 19. Qd5 {[%emt 0:00:13]} Qxd5 {[%emt 0:00:04]} 20. Bxd5 {[%emt 0:00:04]} Ne7 {[%emt 0:00:02]} 21. Bg2 {[%emt 0:00:03]} b6 {[%emt 0:00:08]} 22. Rfe1 {[%emt 0:00:11]} Ng6 {[%emt 0:00:10]} 23. Bh3 {[%emt 0:00:10]} f4 {[%emt 0:00:05]} 24. Bf5 {[%emt 0:00:42]} fxg3 {[%emt 0:00:18]} 25. hxg3 {[%emt 0:00:05]} c5 {[%emt 0:00:03]} 26. Red1 {[%emt 0:00:23]} cxd4 {[%emt 0:00:12]} 27. cxd4 {[%emt 0:00:02]} Ne7 {[%emt 0:00:03]} 28. Rab1 {[%emt 0:00:08]} Nxf5 {[%emt 0:00:06]} 29. d5 {[%emt 0:00:09]} Nd4 {[%emt 0:00:14]} 30. Rb4 {[%emt 0:00:47]} Nf3+ {[%emt 0:00:38]} 31. Kg2 {[%emt 0:00:10]} Ne5 {[%emt 0:00:30]} 32. Rbd4 {[%emt 0:00:32]} Ng6 {[%emt 0:00:20]} 33. R4d3 {[%emt 0:00:17]} Ne5 {[%emt 0:00:06]} 34. Rd4 {[%emt 0:00:14]} Ng6 {[%emt 0:00:04]} 35. R4d2 {[%emt 0:00:06]} Rd8 {[%emt 0:00:12]} 36. d6 {[%emt 0:00:10]} Bh6 {[%emt 0:00:13]} 37. Rd5 {[%emt 0:00:11]} Rd7 {[%emt 0:00:19]} 38. f4 {[%emt 0:00:21]} Bf8 {[%emt 0:00:20]} 39. Kf3 {[%emt 0:00:07]} h5 {[%emt 0:00:08]} 40. f5 {[%emt 0:00:26]} Nh8 {[%emt 0:00:17]} 41. g4 {[%emt 0:00:06]} hxg4+ {[%emt 0:00:04]} 42. Kxg4 {[%emt 0:00:06]} f6 {[%emt 0:00:02]} 43. Kf4 {[%emt 0:00:25]} Nf7 {[%emt 0:00:08]} 44. Ke4 {[%emt 0:00:20]} Nxd6+ {[%emt 0:00:14]} 45. Ke3 {[%emt 0:00:17]} Nxf5+ {[%emt 0:00:17]} 46. Ke4 {[%emt 0:00:08]} Rxd5 {[%emt 0:00:11]} 47. Rxd5 {[%emt 0:00:18]} Ne7 {[%emt 0:00:05]} 48. Rd7 {[%emt 0:00:10]} f5+ {[%emt 0:00:06]} 49. Kf3 {[%emt 0:00:19]} Kf7 {[%emt 0:00:18]} 50. Rxa7 {[%emt 0:00:07]} Kf6 {[%emt 0:00:02]} 51. Rb7 {[%emt 0:00:16]} Nd5 {[%emt 0:00:07]} 52. Rd7 {[%emt 0:00:15]} Nc3 {[%emt 0:00:11]} 53. Rb7 {[%emt 0:00:16]} Nxa2 {[%emt 0:00:09]} 54. Rxb6+ {[%emt 0:00:03]} Kg5 {[%emt 0:00:11]} 55. Kg3 {[%emt 0:00:15]} f4+ {[%emt 0:00:11]} 56. Kf3 {[%emt 0:00:06]} Nc3 {[%emt 0:00:11]} 57. Ra6 {[%emt 0:00:25]} Nd5 {[%emt 0:00:12]} 58. Ra5 {[%emt 0:00:03]} Kf6 {[%emt 0:00:21]} 59. Rxd5 {[%emt 0:00:02]} Bh6 {[%emt 0:00:08]} 60. Ra5 {[%emt 0:00:07]} Kg6 {[%emt 0:00:12]} 61. Ra6+ {[%emt 0:00:01]} Kh5 {[%emt 0:00:03]} 62. Ra5+ {[%emt 0:00:05]} Kg6 {[%emt 0:00:04]} 63. Kg4 {[%emt 0:00:06]} Kh7 {[%emt 0:00:27]} 64. Ra7+ {[%emt 0:00:02]} Kg6 {[%emt 0:00:03]} 65. Ra6+ {[%emt 0:00:01]} Kh7 {[%emt 0:00:02]} 66. Kf3 {[%emt 0:00:03]} Kg7 {[%emt 0:00:04]} 67. Ra1 {[%emt 0:00:02]} Kg6 {[%emt 0:00:03]} 68. Rg1+ {[%emt 0:00:02]} Kh5 {[%emt 0:00:05]} 69. Rg4 {[%emt 0:00:04]} Bg5 {[%emt 0:00:11]} 70. Rg1 {[%emt 0:00:04]} Bh6 {[%emt 0:00:05]} 71. Rh1+ {[%emt 0:00:01]} Kg5 {[%emt 0:00:02]} 72. Rg1+ {[%emt 0:00:02]} Kh5 {[%emt 0:00:03]} 1/2-1/2

[Event "Deutscher Jugend Online Cup 2020"]
[Site "Tornelo"]
[Date "2020.11.14"]
[Round "2.3"]
[White "Costa, Leonardo"]
[Black "S___, T__"]
[Result "1-0"]
[WhiteElo "2165"]
[BlackElo "1729"]
[Annotator "TA"]
[PlyCount "93"]
[EventDate "2020.11.13"]
[EventType "k.o."]
[SourceTitle "playchess.com"]
[Source "ChessBase"]
[SourceQuality "1"]

{[%evp 9,93,19,22,19,16,4,16,10,42,40,41,37,50,29,51,40,116,74,147,80,241,223,375,403,397,381,372,309,297,308,291,296,314,300,319,323,322,313,583,572,533,409,455,453,608,608,584,489,627,629,904,718,702,502,675,133,1059,843,979,972,29985,29984,29988,29989,29993,29994,29994,29984,29993,29992,29994,29991,29991,29980,29991,29991,29994,29995,29997,29997,29997,29998,29998,29998,29998,29999]} 1. e4 c6 2. d4 d5 3. e5 c5 4. dxc5 e6 5. Nf3 Bxc5 6. Bd3 {B12: Caro-Kann: Advance Variation.} Nc6 {6...Ne7 is the fancy move.} 7. O-O Nge7 8. Nbd2 {The position is equal.} Qc7 9. Nb3 Bb6 10. Re1 Bd7 11. c3 Ng6 {[%cal Rc6e5]} 12. Qe2 O-O-O {[#]} (12... O-O $14) 13. a4 $146 ({Predecessor:} 13. Nbd4 Na5 14. Bg5 Rde8 15. b3 Kb8 16. Rac1 h6 17. Bd2 Rc8 18. Bxg6 fxg6 {½-½ (87) Tropp,F (2023)-Panko,R (2022) Slovakia 2020}) 13... a5 (13... f6 $142) 14. Bd2 ({Better is} 14. Nbd4) 14... Rhe8 $2 {[#]} (14... f6 $16 {is a better defense.}) 15. Nbd4 $1 $18 {[%cal Bb3d4,Bd4b5,Bb5d6][%mdl 32]} f6 $2 (15... Bxd4 16. cxd4 Kb8) 16. Nb5 Qb8 {[%cal Rc6e5]} 17. Nd6+ Kc7 18. Nxe8+ Rxe8 19. exf6 gxf6 20. b4 e5 {Black hopes to continue with ...e4.} 21. Bxg6 hxg6 22. b5 Ne7 23. c4 d4 $2 {[#]} (23... Kd8 24. cxd5 Qd6) 24. c5 $1 Bxc5 25. Rac1 {Black must now prevent Nxe5.} b6 {[#]} 26. Nxd4 $1 {[%mdl 576] Pin} Kb7 (26... exd4 27. Bf4+) 27. Qf3+ Ka7 28. Nb3 Bd6 {[#]} 29. Nxa5 $1 Bc8 (29... bxa5 30. Be3+) 30. Nc6+ Nxc6 31. bxc6 {And now a5 would win.} Qc7 32. Be3 $2 (32. a5 $18 {is more deadly.} b5 33. Qxf6) 32... Bb4 $2 {[%mdl 8192]} (32... e4 $16 33. Bxb6+ (33. Qxf6 Bxh2+ 34. Kf1 Ba6+ 35. Re2 Be5 $11) 33... Kxb6 34. Qe3+ (34. Rxe4 Bxh2+ 35. Kf1 Ba6+ 36. Ke1 Rxe4+ 37. Qxe4 Qe5 $15) 34... Ka6) 33. Red1 f5 34. Qe2 Ba6 35. Qb2 {White mates.} Ba5 {[#]} 36. Rd7 $1 Rc8 37. Rxc7+ Rxc7 38. h4 e4 39. Bf4 Rf7 40. c7 Bc8 41. Qb3 Rg7 42. Rc6 Ka6 43. Be3 Rxc7 44. Rxc7 {[%csl Ga4][%cal Rb3b5]} Bb7 45. Qb5+ Ka7 46. Qxa5+ Kb8 47. Qxb6 {[%mdl 64] Double Attack. Black did not feel at home in the position after the opening.  Weighted Error Value: White=0.47/Black=0.92} 1-0

[Event "Deutscher Jugend Online Cup 2020"]
[Site "Tornelo"]
[Date "2020.11.14"]
[Round "2.3"]
[White "Eilenberg, Jonas"]
[Black "Bui, Bao Anh Le"]
[Result "0-1"]
[WhiteElo "2155"]
[BlackElo "2179"]
[Annotator "TA"]
[PlyCount "114"]
[EventDate "2020.11.13"]
[EventType "k.o."]
[SourceTitle "playchess.com"]
[Source "ChessBase"]
[SourceQuality "1"]

{[%evp 22,114,0,-8,0,-6,0,-4,-5,-10,-10,-14,0,-12,-12,-17,-23,-24,-22,-25,-18,-24,-8,-23,-11,-56,-20,-77,-41,-87,-25,-26,-27,-34,-8,-45,-60,-94,-93,-94,-86,-93,-12,-93,-85,-171,-147,-166,-156,-192,-84,-136,-149,-179,-208,-268,-100,-117,-143,-211,-211,-211,-211,-260,-235,-381,-379,-371,-361,-445,-443,-561,-549,-1395,-1351,-1284,-1185,-1472,-1454,-1456,-1335,-29973,-29974,-29974,-29975,-29974,-29975,-29975,-29976,-29986,-29987,-29987,-29988,-29987,-29988]} 1. d4 d5 2. c4 e6 3. Nf3 Nf6 4. Nc3 c6 5. cxd5 exd5 6. Bg5 Be7 7. e3 Bf5 8. Bd3 Bxd3 9. Qxd3 Nbd7 10. O-O O-O 11. Rac1 Re8 12. a3 a5 {[#] D35: Queen's Gambit Declined: Exchange Variation.} 13. Qb1 $146 ({Predecessor:} 13. Nd2 Bd6 14. h3 h6 15. Bh4 Qb8 16. Ne2 Ne4 17. Nxe4 Rxe4 18. Bg3 Nf6 19. b4 Qf8 20. Bxd6 Qxd6 {0-1 (50) Kaczorowska,B (2212)-Ejsmont,K (2395) Warsaw 2005}) 13... Nb6 14. Nd2 h6 {The position is equal.} 15. Bxf6 Bxf6 16. b4 a4 17. b5 Be7 18. bxc6 bxc6 19. Qa2 Qd6 20. Ra1 Reb8 21. Rfb1 Bf6 22. Qc2 c5 23. Nb5 Qe7 24. Ra2 (24. Qd3 $11) 24... cxd4 $1 $17 25. Nxd4 Rc8 (25... Bxd4 $17 26. exd4 Nc4 $1 {[%mdl 512]}) 26. Qd3 $11 Nc4 27. h3 g6 (27... Bxd4 {keeps more tension.} 28. exd4 Qd6 29. Nxc4 Rxc4 30. Re1 Rac8) 28. Rc1 {[%cal Rd2c4]} (28. Ne2 {is interesting.} Ra5 29. Nf3 Qe8 30. Nfd4 Be5 31. Rc2) 28... Nxd2 29. Qxd2 Rxc1+ 30. Qxc1 Bxd4 31. exd4 $15 {[%mdl 4096] Endgame [#] KQR-KQR} Kg7 (31... Rb8 $1 $17) 32. Rc2 (32. Qc6 $1 $11 {keeps the balance.} Rb8 33. Qxd5) 32... Rb8 $17 33. Kh2 (33. Rc7 $17 Qf6 34. Qe3) 33... Qd6+ 34. g3 Qf6 35. Qd2 Qe7 (35... Rb3 $19 {is more deadly.} 36. Ra2 Qf3) 36. Rc5 {[#]} (36. Qf4 $142 Rb3 37. Qe5+ Qxe5 38. dxe5) 36... Qe4 $1 37. Rc1 Rb3 38. Re1 Qd3 $2 (38... Rd3 $19 {and Black stays clearly on top.} 39. Rxe4 Rxd2) 39. Qf4 Qf3 40. Qe5+ {[#]} (40. Qxf3 $17 Rxf3 41. Kg2) 40... Kh7 $1 $19 {[%mdl 512]} 41. Qe2 Rxa3 42. Qxf3 Rxf3 {KR-KR} 43. Ra1 (43. Kg2 $142 Rd3 44. Re7) 43... a3 44. Kg2 Rb3 45. Kf1 Kg7 46. Ra2 Kf6 47. Ra1 Kf5 48. Ke2 Ke4 49. Kd2 Kxd4 50. Kc2 Kc4 51. Re1 d4 {Black mates.} 52. Re7 d3+ 53. Kc1 a2 54. Rc7+ Kb5 55. Rb7+ Ka6 56. Rxb3 a1=Q+ 57. Kd2 Qa2+ {[%mdl 64] Double Attack.  Weighted Error Value: White=0.59/Black=0.17} 0-1

[Event "Deutscher Jugend Online Cup 2020"]
[Site "Tornelo"]
[Date "2020.11.14"]
[Round "2.3"]
[White "Zhou, Lepu Coco"]
[Black "Voigt, Anastasia"]
[Result "1-0"]
[WhiteElo "1882"]
[BlackElo "1738"]
[Annotator "NA RC"]
[PlyCount "99"]
[EventDate "2020.11.13"]
[EventType "k.o."]
[SourceTitle "playchess.com"]
[Source "ChessBase"]
[SourceQuality "1"]
[TimeControl "600+3"]

1. e4 {[%emt 0:00:00]} e5 {[%emt 0:00:03]} 2. Nf3 {[%emt 0:00:04]} Nc6 {[%emt 0:00:02]} 3. Bb5 {[%emt 0:00:02]} a6 {[%emt 0:00:02]} 4. Ba4 {[%emt 0:00:01]} Nf6 {[%emt 0:00:04]} 5. O-O {[%emt 0:00:02]} b5 {[%emt 0:00:03]} 6. Bb3 {[%emt 0:00:01]} Be7 {[%emt 0:00:02]} 7. Qe2 {[%emt 0:00:03]} d6 {[%emt 0:00:12]} 8. c3 {[%emt 0:00:04]} O-O {[%emt 0:00:04]} 9. d4 {[%emt 0:00:10]} exd4 {[%emt 0:00:33]} 10. cxd4 {[%emt 0:00:03]} Re8 {[%emt 0:00:49]} 11. Rd1 {[%emt 0:00:09]} Bb7 {[%emt 0:00:11]} 12. e5 {[%emt 0:00:07]} Nd7 {[%emt 0:00:45] [#]} 13. e6 $146 {[%emt 0:00:07]} ({Predecessor:} 13. Bf4 Nf8 14. Nc3 Ng6 15. Bg3 h5 16. h3 h4 17. Bh2 Bg5 18. Bc2 dxe5 19. dxe5 {1-0 (44) Al Tarbosh,W (2230)-Makkar,R (2231) Chess.com INT 2020}) 13... fxe6 {[%emt 0:00:12]} 14. Bxe6+ {[%emt 0:00:21]} Kh8 {[%emt 0:00:09]} 15. d5 {[%emt 0:00:29]} Nce5 {[%emt 0:00:12]} 16. Nxe5 {[%emt 0:00:07]} Nxe5 {[%emt 0:00:02]} 17. f4 {[%emt 0:00:12]} Nd7 {[%emt 0:00:24]} 18. Be3 {[%emt 0:00:58]} Bf6 {[%emt 0:00:22]} 19. Nc3 {[%emt 0:00:25]} Nf8 {[%emt 0:00:49]} 20. f5 {[%emt 0:00:24]} c6 {[%emt 0:00:49]} 21. Qf2 {[%emt 0:01:19]} Nxe6 {[%emt 0:00:32]} 22. dxe6 {[%emt 0:00:18]} Qe7 {[%emt 0:00:34]} 23. Ne4 {[%emt 0:00:13]} Be5 {[%emt 0:00:48]} 24. Bg5 {[%emt 0:00:15]} Qc7 {[%emt 0:00:31] [#]} 25. Bf4 $1 {[%emt 0:00:11]} d5 {[%emt 0:00:14]} 26. Bxe5 {[%emt 0:00:15]} Qxe5 {[%emt 0:00:04]} 27. Nc5 {[%emt 0:00:02]} Bc8 {[%emt 0:00:13]} 28. Re1 {[%emt 0:00:14]} Qf6 {[%emt 0:00:08]} 29. Nd7 {[%emt 0:01:23]} Bxd7 {[%emt 0:00:16]} 30. exd7 {[%emt 0:00:02]} Red8 {[%emt 0:00:03]} 31. Re6 {[%emt 0:00:14]} Qf7 {[%emt 0:00:10]} 32. Rxc6 {[%emt 0:00:30]} Rxd7 {[%emt 0:00:14]} 33. Rac1 {[%emt 0:00:06]} h6 {[%emt 0:00:05]} 34. Rc8+ {[%emt 0:00:29]} Rxc8 {[%emt 0:00:03]} 35. Rxc8+ {[%emt 0:00:02]} Kh7 {[%emt 0:00:03]} 36. Qc2 {[%emt 0:00:21]} Qf6 {[%emt 0:00:16]} 37. g3 {[%emt 0:00:48]} d4 {[%emt 0:00:11]} 38. Qd3 {[%emt 0:00:28]} Re7 {[%emt 0:00:29]} 39. Rd8 {[%emt 0:00:23]} Re3 {[%emt 0:00:31]} 40. Qxd4 {[%emt 0:00:09]} Qxd4 {[%emt 0:00:06]} 41. Rxd4 {[%emt 0:00:02]} Re2 {[%emt 0:00:02]} 42. Rd6 {[%emt 0:00:05]} a5 {[%emt 0:00:07]} 43. Ra6 {[%emt 0:00:15]} a4 {[%emt 0:00:04]} 44. Ra7 {[%emt 0:00:07]} Rxb2 {[%emt 0:00:02]} 45. f6 {[%emt 0:00:01]} Kg6 {[%emt 0:00:08]} (45... Kg8 $19 46. Ra8+ (46. Rxg7+ $2 Kf8 $19) 46... Kf7 47. fxg7 Kxg7) 46. fxg7 $2 {[%emt 0:00:03]} (46. f7 {mates} Rb1+ 47. Kf2 Kf6 48. f8=Q+ {[%mdl 64] Double Attack, Discovered Attack} Ke6 49. Re7+ Kd5 50. Qd8+ Kc4 51. Rc7+ Kb4 52. Qd6+ Ka5 53. Ra7#) 46... Rb1+ {[%emt 0:00:06]} 47. Kg2 {[%emt 0:00:02]} Rb2+ {[%emt 0:00:02]} 48. Kh3 {[%emt 0:00:02]} Rxa2 {[%emt 0:00:04]} 49. g8=Q+ {[%emt 0:00:03]} Kf6 {[%emt 0:00:05]} 50. Rf7+ {[%emt 0:00:03]} 1-0

[Event "Deutscher Jugend Online Cup 2020"]
[Site "Tornelo"]
[Date "2020.11.14"]
[Round "2.3"]
[White "N_____, L_____"]
[Black "Marcziter, Alex"]
[Result "1-0"]
[WhiteElo "1714"]
[BlackElo "1401"]
[Annotator "NA RC"]
[PlyCount "165"]
[EventDate "2020.11.13"]
[EventType "k.o."]
[SourceTitle "playchess.com"]
[Source "ChessBase"]
[SourceQuality "1"]
[TimeControl "600+3"]

1. e4 {[%emt 0:00:00]} e5 {[%emt 0:00:04]} 2. Nf3 {[%emt 0:00:03]} Nc6 {[%emt 0:00:02]} 3. Bb5 {[%emt 0:00:02]} a6 {[%emt 0:00:05]} 4. Ba4 {[%emt 0:00:02]} Nf6 {[%emt 0:00:04]} 5. d3 {[%emt 0:00:03]} b5 {[%emt 0:00:03]} 6. Bb3 {[%emt 0:00:02]} Be7 {[%emt 0:00:09]} 7. Nc3 {[%emt 0:00:19]} d6 {[%emt 0:00:06]} 8. Nd5 {[%emt 0:00:20]} O-O {[%emt 0:01:09]} 9. O-O {[%emt 0:00:05]} Bb7 {[%emt 0:00:30]} 10. c3 {[%emt 0:00:08]} Na5 {[%emt 0:00:28]} 11. Nxf6+ {[%emt 0:00:37]} Bxf6 {[%emt 0:00:03]} 12. Bc2 {[%emt 0:00:02]} c5 {[%emt 0:00:11]} 13. Be3 {[%emt 0:00:16]} Nc6 {[%emt 0:00:12]} 14. d4 {[%emt 0:00:24]} cxd4 {[%emt 0:00:50]} 15. cxd4 {[%emt 0:00:14]} Rc8 {[%emt 0:00:22]} 16. d5 {[%emt 0:00:21]} Ne7 {[%emt 0:00:25]} 17. Rc1 {[%emt 0:00:14]} Ng6 {[%emt 0:00:08]} 18. Bb1 {[%emt 0:01:02]} Qd7 {[%emt 0:00:27]} 19. Qd2 {[%emt 0:00:17]} Rxc1 {[%emt 0:00:34]} 20. Rxc1 {[%emt 0:00:05]} Rc8 {[%emt 0:00:02]} 21. Rc3 {[%emt 0:00:34]} Rxc3 {[%emt 0:00:31]} 22. Qxc3 {[%emt 0:00:08]} Qc8 {[%emt 0:00:05]} 23. Qxc8+ {[%emt 0:00:12]} Bxc8 {[%emt 0:00:04]} 24. Bd3 {[%emt 0:00:17]} Bd8 {[%emt 0:00:13]} 25. Nd2 {[%emt 0:00:16]} Kf8 {[%emt 0:00:23]} 26. Nb3 {[%emt 0:00:05]} Ke8 {[%emt 0:00:24]} 27. g3 {[%emt 0:00:06]} Kd7 {[%emt 0:00:05]} 28. Bd2 {[%emt 0:00:10]} Bb6 {[%emt 0:00:16]} 29. Na5 {[%emt 0:00:45]} Kc7 {[%emt 0:00:31]} 30. Kg2 {[%emt 0:00:58]} Bd7 {[%emt 0:00:33]} 31. h4 {[%emt 0:00:51]} Bd4 {[%emt 0:00:34]} 32. Bc3 {[%emt 0:00:41]} Bxc3 {[%emt 0:00:07]} 33. bxc3 {[%emt 0:00:02]} Kb6 {[%emt 0:00:05]} 34. Nb3 {[%emt 0:00:03]} a5 {[%emt 0:00:08]} 35. a3 {[%emt 0:00:08]} a4 {[%emt 0:00:13]} 36. Nd2 {[%emt 0:00:15]} Kc5 {[%emt 0:00:03]} 37. h5 {[%emt 0:00:14]} Ne7 {[%emt 0:00:03]} 38. f4 {[%emt 0:00:08]} f6 {[%emt 0:00:13]} 39. f5 {[%emt 0:00:13]} Nc8 {[%emt 0:00:09]} 40. g4 {[%emt 0:00:20]} h6 {[%emt 0:00:26]} 41. Kf2 {[%emt 0:00:13]} Nb6 {[%emt 0:00:02]} 42. Ke3 {[%emt 0:00:04]} Nc8 {[%emt 0:00:08]} 43. Nf3 {[%emt 0:00:04]} Ne7 {[%emt 0:00:09]} 44. Ne1 {[%emt 0:00:21]} Nc8 {[%emt 0:00:06]} 45. Nc2 {[%emt 0:00:07]} Ne7 {[%emt 0:00:05]} 46. Nb4 {[%emt 0:00:04]} Bc8 {[%emt 0:00:03]} 47. Be2 {[%emt 0:00:12]} Bb7 {[%emt 0:00:05]} 48. Kd2 {[%emt 0:00:05]} Bc8 {[%emt 0:00:03]} 49. Kc2 {[%emt 0:00:01]} Bb7 {[%emt 0:00:05]} 50. Nd3+ {[%emt 0:00:01]} Kb6 {[%emt 0:00:02]} 51. Nb4 {[%emt 0:00:03]} Kc5 {[%emt 0:00:02]} 52. Nd3+ {[%emt 0:00:01]} Kb6 {[%emt 0:00:02]} 53. Nf2 {[%emt 0:00:03]} Kc5 {[%emt 0:00:06]} 54. Kd3 {[%emt 0:00:03]} Bc8 {[%emt 0:00:06]} 55. Nh3 {[%emt 0:00:03]} Bb7 {[%emt 0:00:05]} 56. Ng1 {[%emt 0:00:02]} Ba6 {[%emt 0:00:05]} 57. Kc2 {[%emt 0:00:04]} Bb7 {[%emt 0:00:02]} 58. Nf3 {[%emt 0:00:02]} Bc8 {[%emt 0:00:05]} 59. Kd3 {[%emt 0:00:03]} Ba6 {[%emt 0:00:03]} 60. Kd2 {[%emt 0:00:04]} Bb7 {[%emt 0:00:05]} 61. Ne1 {[%emt 0:00:04]} Bc8 {[%emt 0:00:07]} 62. Kd3 {[%emt 0:00:07]} Ba6 {[%emt 0:00:03]} 63. Ke3 {[%emt 0:00:02]} Bc8 {[%emt 0:00:04]} 64. Nc2 {[%emt 0:00:03]} Bd7 {[%emt 0:00:06]} 65. Kd3 {[%emt 0:00:02]} Bc8 {[%emt 0:00:03]} 66. Bf1 {[%emt 0:00:05]} Bb7 {[%emt 0:00:06]} 67. Nb4 {[%emt 0:00:02]} Bc8 {[%emt 0:00:03]} 68. Be2 {[%emt 0:00:03]} Bb7 {[%emt 0:00:02]} 69. Bd1 {[%emt 0:00:01]} Bc8 {[%emt 0:00:02]} 70. Bc2 {[%emt 0:00:02]} Bb7 {[%emt 0:00:02]} 71. Na2 {[%emt 0:00:04]} Bc8 {[%emt 0:00:03]} 72. Nc1 {[%emt 0:00:04]} Bb7 {[%emt 0:00:03]} 73. Ne2 {[%emt 0:00:03]} Bc8 {[%emt 0:00:02]} 74. Ng3 {[%emt 0:00:02]} Bb7 {[%emt 0:00:03]} 75. Nf1 {[%emt 0:00:03]} Ba6 {[%emt 0:00:03]} 76. Kd2 {[%emt 0:00:03]} Bc8 {[%emt 0:00:03]} 77. Ne3 {[%emt 0:00:02]} Bb7 {[%emt 0:00:03]} 78. Bd3 {[%emt 0:00:05]} Bc8 {[%emt 0:00:03]} 79. c4 {[%emt 0:00:04]} bxc4 {[%emt 0:00:04]} 80. Nxc4 {[%emt 0:00:03]} Ba6 {[%emt 0:00:03]} 81. Kc3 {[%emt 0:00:07]} Bb7 {[%emt 0:00:04]} 82. Nb2 {[%emt 0:00:01]} Nc8 {[%emt 0:00:05]} 83. Nxa4# {[%emt 0:00:02]} 1-0

[Event "Deutscher Jugend Online Cup 2020"]
[Site "Tornelo"]
[Date "2020.11.14"]
[Round "2.3"]
[White "Trunz, Michelle"]
[Black "Lorenz, Veronika"]
[Result "0-1"]
[WhiteElo "1673"]
[BlackElo "1261"]
[Annotator "NA RC"]
[PlyCount "152"]
[EventDate "2020.11.13"]
[EventType "k.o."]
[SourceTitle "playchess.com"]
[Source "ChessBase"]
[SourceQuality "1"]
[TimeControl "600+3"]

1. d4 {[%emt 0:00:00]} d5 {[%emt 0:00:06]} 2. c4 {[%emt 0:00:02]} Nc6 {[%emt 0:00:05]} 3. Nc3 {[%emt 0:00:29]} dxc4 {[%emt 0:00:11]} 4. e3 {[%emt 0:00:10]} Nf6 {[%emt 0:00:06]} 5. Bxc4 {[%emt 0:00:08]} e6 {[%emt 0:00:42]} 6. Nf3 {[%emt 0:00:04]} Bb4 {[%emt 0:00:09]} 7. O-O {[%emt 0:00:15]} O-O {[%emt 0:00:26]} 8. a3 {[%emt 0:00:14]} Bd6 {[%emt 0:00:31]} 9. b4 {[%emt 0:00:32]} e5 {[%emt 0:00:15]} 10. d5 {[%emt 0:00:36]} Ne7 {[%emt 0:01:15]} 11. e4 {[%emt 0:00:16]} Ng6 {[%emt 0:00:14]} 12. Qc2 {[%emt 0:00:20]} Bd7 {[%emt 0:00:30]} 13. Bg5 {[%emt 0:00:26]} h6 {[%emt 0:00:14]} 14. Be3 {[%emt 0:00:10]} c6 {[%emt 0:00:35]} 15. Rac1 {[%emt 0:00:33]} Rc8 {[%emt 0:00:39]} 16. Qb1 {[%emt 0:00:49]} Nh5 {[%emt 0:01:23]} 17. Rfd1 {[%emt 0:00:42]} Nhf4 {[%emt 0:00:10]} 18. g3 {[%emt 0:00:55]} cxd5 {[%emt 0:00:45]} 19. Nxd5 {[%emt 0:00:18]} Nxd5 {[%emt 0:00:08]} 20. Bxd5 {[%emt 0:00:10]} b6 {[%emt 0:00:22]} 21. Rxc8 {[%emt 0:00:28]} Qxc8 {[%emt 0:00:11]} 22. Bxf7+ {[%emt 0:00:20]} Rxf7 {[%emt 0:00:06]} 23. Rxd6 {[%emt 0:00:02]} Rxf3 {[%emt 0:00:12]} 24. Kg2 {[%emt 0:00:47]} Rf6 {[%emt 0:00:11]} 25. Qd3 {[%emt 0:00:12]} Bh3+ {[%emt 0:00:18]} 26. Kg1 {[%emt 0:00:08]} Rxd6 {[%emt 0:00:06]} 27. Qxd6 {[%emt 0:00:05]} Kh7 {[%emt 0:00:06]} 28. Qd1 {[%emt 0:00:07]} Qg4 {[%emt 0:00:05]} 29. Qxg4 {[%emt 0:00:03]} Bxg4 {[%emt 0:00:03]} 30. Kg2 {[%emt 0:00:04]} Ne7 {[%emt 0:00:10]} 31. f3 {[%emt 0:00:04]} Be6 {[%emt 0:00:03]} 32. f4 {[%emt 0:00:03]} Nc6 {[%emt 0:00:19]} 33. b5 {[%emt 0:00:08]} exf4 {[%emt 0:00:02]} 34. gxf4 {[%emt 0:00:08]} Na5 {[%emt 0:00:03]} 35. f5 {[%emt 0:00:10]} Bc4 {[%emt 0:00:06]} 36. a4 {[%emt 0:00:07]} Kg8 {[%emt 0:00:03]} 37. Kf3 {[%emt 0:00:08]} Bb3 {[%emt 0:00:03]} 38. e5 {[%emt 0:00:03]} Nc4 {[%emt 0:00:10]} 39. Bd4 {[%emt 0:00:15]} Bxa4 {[%emt 0:00:11]} 40. e6 {[%emt 0:00:08]} Bxb5 {[%emt 0:00:14]} 41. Ke4 {[%emt 0:00:13]} Kf8 {[%emt 0:00:11]} 42. Bc3 {[%emt 0:00:17]} a5 {[%emt 0:00:07]} 43. Kd5 {[%emt 0:00:08]} Ne3+ {[%emt 0:00:05]} 44. Ke4 {[%emt 0:00:04]} Ng4 {[%emt 0:00:05]} 45. h3 {[%emt 0:00:05]} Nf6+ {[%emt 0:00:02]} 46. Ke5 {[%emt 0:00:07]} Ke7 {[%emt 0:00:04]} 47. Bb2 {[%emt 0:00:06]} a4 {[%emt 0:00:02]} 48. Ba3+ {[%emt 0:00:02]} Ke8 {[%emt 0:00:04]} 49. e7 {[%emt 0:00:03]} Ng8 {[%emt 0:00:07]} 50. Ke6 {[%emt 0:00:03]} Bc4+ {[%emt 0:00:01]} 51. Kd6 {[%emt 0:00:03]} Nxe7 {[%emt 0:00:02]} 52. Kc7 {[%emt 0:00:06]} Nxf5 {[%emt 0:00:02]} 53. Kxb6 {[%emt 0:00:04]} Ng3 {[%emt 0:00:03]} 54. Bb2 {[%emt 0:00:06]} Kf7 {[%emt 0:00:02]} 55. Kc5 {[%emt 0:00:02]} Bb3 {[%emt 0:00:02]} 56. Kb4 {[%emt 0:00:05]} g5 {[%emt 0:00:02]} 57. Kc3 {[%emt 0:00:03]} Kg6 {[%emt 0:00:02]} 58. Kb4 {[%emt 0:00:02]} Kh5 {[%emt 0:00:01]} 59. Kc3 {[%emt 0:00:01]} Kh4 {[%emt 0:00:11]} 60. Kd3 {[%emt 0:00:03]} Kxh3 {[%emt 0:00:01]} 61. Ke3 {[%emt 0:00:01]} h5 {[%emt 0:00:03]} 62. Kf3 {[%emt 0:00:02]} h4 {[%emt 0:00:01]} 63. Kf2 {[%emt 0:00:04]} Ne4+ {[%emt 0:00:04]} 64. Kf3 {[%emt 0:00:03]} Nd2+ {[%emt 0:00:04]} 65. Ke2 {[%emt 0:00:06]} Nc4 {[%emt 0:00:01]} 66. Bf6 {[%emt 0:00:03]} g4 {[%emt 0:00:02]} 67. Ba1 {[%emt 0:00:02]} a3 {[%emt 0:00:03]} 68. Kf1 {[%emt 0:00:02]} a2 {[%emt 0:00:01]} 69. Kf2 {[%emt 0:00:03]} Na3 {[%emt 0:00:03]} 70. Kg1 {[%emt 0:00:05]} Nc2 {[%emt 0:00:01]} 71. Kh1 {[%emt 0:00:02]} Nxa1 {[%emt 0:00:03]} 72. Kg1 {[%emt 0:00:03]} Nc2 {[%emt 0:00:02]} 73. Kf2 {[%emt 0:00:01]} a1=Q {[%emt 0:00:05]} 74. Ke2 {[%emt 0:00:01]} Qc3 {[%emt 0:00:03]} 75. Kf2 {[%emt 0:00:02]} Qf3+ {[%emt 0:00:02]} 76. Kg1 {[%emt 0:00:02]} Qg2# {[%emt 0:00:01]} 0-1